Visualizzazione normale
Vista MARC
- Goncalves Joaquim Pedro
di Personal Name
Records bibliografici associati: 1
001 - CONTROL NUMBER
- control field: 15445
003 - CONTROL NUMBER IDENTIFIER
- control field: IT-RoPau
005 - DATE AND TIME OF LATEST TRANSACTION
- control field: 20140310163140.0
008 - FIXED-LENGTH DATA ELEMENTS
- fixed length control field: 140310|| aca||aabn | a|a d
040 ## - CATALOGING SOURCE
- Original cataloging agency: IT-RoPau
- Transcribing agency: IT-RoPau
100 ## - HEADING--PERSONAL NAME
- Personal name: Goncalves Joaquim Pedro
- Miscellaneous information: Codice autore musica SPICS: 34525
- Relator term: Autore musica
- Name of part/section of a work: Menino de Lisboa - Ser jovem è viver - Trovas de paz
670 ## - SOURCE DATA FOUND
- Source citation: Work cat.: (IT-RoPau)99086: AA.VV. 794, Mensagem-Juventude è uma cancao